| 000 | 00487nam a22001337a 4500 | ||
|---|---|---|---|
| 003 | SGT | ||
| 082 |
_a617.632 _bC25G |
||
| 100 | _aGodara, Eshika | ||
| 245 | _aComparative Evaluation of efficacy of 980 nm Diode laser combined with Periodontal plus ABTM/Metrohex plus gel/curenext oral gel as an adjunct to subgingival instrumentation in the treatment of Periodontitis | ||
| 260 |
_aGurugram, Haryana _bSGT University _c2025 |
||
| 300 | _a87 | ||
| 650 | _aPeriodontology | ||
| 942 |
_2ddc _cTH |
||
| 999 |
_c32071 _d32071 |
||